[Event "C-Turnier"]
[Site "Hessische Einzelmeisterschaft"]
[Date "2010.04.02"]
[Round "5"]
[White "Wiegand, Helmut"]
[Black "Mussler, Thomas"]
[Result "0-1"]
[WhiteElo "1891"]
[BlackElo "2118"]
[PlyCount "74"]
[EventDate "2010.??.??"]

1. c4 e5 2. Nc3 Nc6 3. g3 g6 4. Bg2 Bg7 5. Nf3 Nge7 6. O-O O-O 7. b3 d6 8. Bb2
h6 9. d3 Be6 10. e3 Qd7 11. d4 exd4 12. exd4 Bg4 13. Ne2 Rfe8 14. Qd2 d5 15. c5
Bh3 16. b4 Bxg2 17. Kxg2 Rad8 18. b5 Nb8 19. a4 a6 20. Ne5 Qc8 21. f4 axb5 22.
axb5 Nd7 23. h3 Nf6 24. Nc3 Ne4 25. Nxe4 dxe4 26. Rae1 f6 27. Ng4 Qe6 28. Kh2
f5 29. Ne5 Kh7 30. g4 Bxe5 31. gxf5 gxf5 32. Qf2 Bf6 33. Rg1 Nd5 34. h4 Qf7 35.
Kh3 Rg8 36. Bc1 Qh5 37. Ref1 Rg4 0-1

[Event "C-Turnier"]
[Site "Hessische Einzelmeisterschaft"]
[Date "2010.04.02"]
[Round "5"]
[White "Will, Patrick"]
[Black "Rump, Andreas"]
[Result "1-0"]
[WhiteElo "1886"]
[BlackElo "1866"]
[PlyCount "63"]
[EventDate "2010.??.??"]

1. d4 Nf6 2. c4 d6 3. Nf3 g6 4. Nc3 Bg7 5. e4 O-O 6. Be2 e5 7. O-O Nc6 8. d5
Ne7 9. b4 Nh5 10. Re1 f5 11. Nd2 Nf4 12. Bf1 c6 13. Qb3 Kh8 14. Ba3 Ng8 15.
Rac1 Nf6 16. g3 Ng4 17. f3 Nxh2 18. Kxh2 Qg5 19. gxf4 exf4 20. Ne2 Qh4+ 21. Kg1
fxe4 22. Nxe4 Rf5 23. Bb2 Rh5 24. Bxg7+ Kxg7 25. Qb2+ Kh6 26. Bg2 Qh2+ 27. Kf1
Bh3 28. Ng1 Re8 29. Nxh3 Rxh3 30. Qf2 Rxe4 31. Rxe4 Rg3 32. Rxf4 1-0

[Event "C-Turnier"]
[Site "Hessische Einzelmeisterschaft"]
[Date "2010.04.02"]
[Round "5"]
[White "Eibelshäuser, Stefan"]
[Black "Förster, Rudi"]
[Result "0-1"]
[WhiteElo "2057"]
[BlackElo "1939"]
[PlyCount "128"]
[EventDate "2010.??.??"]

1. d4 d5 2. c4 Nc6 3. Nf3 Bg4 4. cxd5 Bxf3 5. gxf3 Qxd5 6. e3 e5 7. Nc3 Bb4 8.
Bd2 Bxc3 9. bxc3 Qd6 10. Qb3 Nge7 11. Rg1 O-O 12. Bd3 Rfd8 13. Rb1 exd4 14.
cxd4 Ne5 15. Be2 c5 16. Bc3 cxd4 17. Bxd4 N7c6 18. Bc3 Qd5 19. Qb2 f6 20. Qxb7
Ng6 21. Qb3 Qxb3 22. Rxb3 Nce5 23. f4 Nd3+ 24. Bxd3 Rxd3 25. Ke2 Rad8 26. Rgb1
a6 27. Bd4 Nxf4+ 28. Kf1 Rxb3 29. axb3 Ne6 30. Bc3 Rb8 31. Ke2 Nc5 32. b4 Rb5
33. Bd4 Na4 34. Kd3 Nb6 35. Bxb6 Rxb6 36. Kc4 Rc6+ 37. Kd5 Rc2 38. Ra1 Rb2 39.
Kc5 Rxf2 40. Rxa6 g5 41. b5 Rc2+ 42. Kd5 Rxh2 43. b6 Rb2 44. Kc6 Rc2+ 45. Kd7
Rb2 46. Kc7 Rc2+ 47. Kb8 Rc6 48. Kb7 Re6 49. Ra3 g4 50. Ka7 h5 51. b7 Re7 52.
Kb6 Rxb7+ 53. Kxb7 g3 54. Ra2 h4 55. Rg2 Kf7 56. Kc7 Ke6 57. Kd8 f5 58. Ke8 Ke5
59. Kf7 Ke4 60. Kf6 Kf3 61. Ra2 g2 62. Rxg2 Kxg2 63. Kxf5 h3 64. e4 h2 0-1

[Event "C-Turnier"]
[Site "Hessische Einzelmeisterschaft"]
[Date "2010.04.02"]
[Round "5"]
[White "Geringer, Waldemar"]
[Black "Launert, Martin"]
[Result "1-0"]
[WhiteElo "1949"]
[BlackElo "1892"]
[PlyCount "69"]
[EventDate "2010.??.??"]

1. d4 Nf6 2. c4 g6 3. Nc3 d5 4. cxd5 Nxd5 5. e4 Nxc3 6. bxc3 Bg7 7. Nf3 O-O 8.
Rb1 c5 9. Bc4 cxd4 10. cxd4 Nc6 11. Be3 Qa5+ 12. Bd2 Qc7 13. Qc1 e6 14. Bc3 Rd8
15. e5 Ne7 16. Bb4 Nf5 17. Qc3 Bf8 18. Bxf8 Kxf8 19. O-O b6 20. Rbc1 Qe7 21.
Rfd1 Bb7 22. g4 Nh4 23. Nxh4 Qxh4 24. Be2 Qe7 25. Qe3 Kg7 26. Rc3 Rdc8 27. Bf3
Rxc3 28. Qxc3 Rc8 29. Qe3 Bxf3 30. Qxf3 Qc7 31. h4 Qe7 32. g5 h5 33. d5 exd5
34. Rxd5 Rd8 35. Qf6+ 1-0

[Event "C-Turnier"]
[Site "Hessische Einzelmeisterschaft"]
[Date "2010.04.02"]
[Round "5"]
[White "Fußnecker, Manfred"]
[Black "Zilch, Lothar"]
[Result "1-0"]
[WhiteElo "1963"]
[BlackElo "2021"]
[PlyCount "71"]
[EventDate "2010.??.??"]

1. e4 c5 2. Nf3 a6 3. d4 cxd4 4. Nxd4 Nf6 5. Bd3 e5 6. Nb3 Bb4+ 7. c3 Be7 8.
O-O O-O 9. Bg5 Nc6 10. Re1 d6 11. N1d2 Be6 12. Nf1 Qc7 13. Ne3 Nd7 14. Qh5 Nc5
15. Nxc5 dxc5 16. Nd5 Bxd5 17. exd5 g6 18. Qh4 Bxg5 19. Qxg5 f6 20. Qh6 Nd8 21.
Qh4 Qg7 22. d6 Nf7 23. Bc4 Rad8 24. f4 Kh8 25. Bxf7 Qxf7 26. fxe5 fxe5 27. Rf1
Qd7 28. Qe7 Rf5 29. Rxf5 gxf5 30. Qxe5+ Kg8 31. Rd1 b6 32. Rd3 Kf7 33. Rh3 Re8
34. Rxh7+ Kg6 35. Rg7+ Kh5 36. g4+ 1-0

[Event "C-Turnier"]
[Site "Hessische Einzelmeisterschaft"]
[Date "2010.04.02"]
[Round "5"]
[White "Günther, Andreas"]
[Black "Ritscher, Georg"]
[Result "1/2-1/2"]
[WhiteElo "1802"]
[BlackElo "1962"]
[PlyCount "49"]
[EventDate "2010.??.??"]

1. Nf3 d5 2. g3 c6 3. Bg2 Bf5 4. d3 Nf6 5. O-O h6 6. Nbd2 e6 7. Re1 Bc5 8. d4
Bb6 9. c3 O-O 10. Ne5 Nfd7 11. Nxd7 Nxd7 12. e4 Bh7 13. e5 Rb8 14. f4 c5 15.
Nf3 cxd4 16. cxd4 Rc8 17. Be3 Nb8 18. Rc1 Qd7 19. Qd2 Nc6 20. b4 a6 21. a3 Na7
22. Bf1 Be4 23. Kf2 Qa4 24. Qb2 Qd7 25. Nd2 1/2-1/2

[Event "C-Turnier"]
[Site "Hessische Einzelmeisterschaft"]
[Date "2010.04.02"]
[Round "5"]
[White "Engelbert, Thomas"]
[Black "Lahr, Marcus"]
[Result "0-1"]
[WhiteElo "1762"]
[BlackElo "2006"]
[PlyCount "82"]
[EventDate "2010.??.??"]

1. c4 f5 2. g3 Nf6 3. Bg2 e6 4. Nc3 Be7 5. d3 d5 6. cxd5 exd5 7. Qb3 c6 8. Nf3
Nbd7 9. O-O O-O 10. Qc2 Nc5 11. Nd4 Nh5 12. Nb3 Ne6 13. e4 d4 14. Ne2 fxe4 15.
Qc4 c5 16. Bxe4 Kh8 17. f4 Nf6 18. Bf3 g6 19. Bd2 Rb8 20. Na5 Nc7 21. b4 cxb4
22. Rfc1 Ncd5 23. Nb3 Nc3 24. Qxd4 Nxe2+ 25. Bxe2 Qxd4+ 26. Nxd4 Nd5 27. Nf3
Bg4 28. Rab1 a5 29. Kg2 Bf6 30. h3 Be6 31. Ne5 Rfc8 32. Bf3 Nc3 33. Bxc3 Rxc3
34. Rxc3 bxc3 35. Rc1 Rc8 36. Bg4 Bxg4 37. Nxg4 Bd4 38. a4 c2 39. Ne5 Bb2 40.
Nf7+ Kg7 41. Nd6 Bxc1 0-1

[Event "C-Turnier"]
[Site "Hessische Einzelmeisterschaft"]
[Date "2010.04.02"]
[Round "5"]
[White "Risius, Philipp"]
[Black "Kobs, Stephan"]
[Result "1/2-1/2"]
[WhiteElo "1777"]
[BlackElo "2020"]
[PlyCount "22"]
[EventDate "2010.??.??"]

1. d4 Nf6 2. Nf3 g6 3. c3 Bg7 4. Bg5 O-O 5. Nbd2 d6 6. e3 b6 7. Bd3 Bb7 8. O-O
c5 9. Qe2 Nc6 10. Rfe1 Qc7 11. Rad1 e5 1/2-1/2

[Event "C-Turnier"]
[Site "Hessische Einzelmeisterschaft"]
[Date "2010.04.02"]
[Round "5"]
[White "Francke, Helmut"]
[Black "Rack, Matthias"]
[Result "1/2-1/2"]
[WhiteElo "1987"]
[BlackElo "2056"]
[PlyCount "143"]
[EventDate "2010.??.??"]

1. Nf3 d5 2. g3 Nf6 3. Bg2 Bg4 4. d3 Nbd7 5. Nbd2 e5 6. h3 Bh5 7. O-O Bd6 8. e4
c6 9. c3 Qc7 10. Qc2 Bg6 11. Nh4 O-O-O 12. Nb3 Nc5 13. Nxc5 Bxc5 14. b4 Be7 15.
Rb1 Nh5 16. Nxg6 hxg6 17. b5 dxe4 18. dxe4 Bc5 19. Kh2 Nf6 20. Qe2 Rd6 21. h4
Nh5 22. Bh3+ Kb8 23. bxc6 Qxc6 24. Qb5 Rhd8 25. Qxc6 Rxc6 26. Rb3 Rd3 27. Bg5
Bb6 28. Rfb1 Rcxc3 29. Rxc3 Rxc3 30. g4 Nf4 31. Bxf4 exf4 32. Rb2 Bc7 33. g5
Rc1 34. Kg2 a6 35. Rd2 Re1 36. Kf3 Rc1 37. Bg4 Rc3+ 38. Kg2 Bb6 39. Bf3 Rc7 40.
e5 Re7 41. Bd5 Bc7 42. e6 fxe6 43. Be4 Ba5 44. Rc2 e5 45. Kf3 Re6 46. Bd5 Re7
47. Be4 Re6 48. Bd5 Rd6 49. Ke4 Bc7 50. Rb2 b6 51. Rc2 Rd8 52. Rc6 Rd6 53. Rxd6
Bxd6 54. Bf7 Kc8 55. Bxg6 Kd7 56. Kd5 Ke7 57. f3 b5 58. Bd3 Bc7 59. Kc6 Bd8 60.
Kb7 a5 61. Bxb5 Ke6 62. Bd3 Kd7 63. Be4 Be7 64. a4 Bc5 65. Ka6 Bb4 66. Kb5 Be1
67. h5 Ke6 68. h6 gxh6 69. gxh6 Kf7 70. Kc5 Bb4+ 71. Kd5 Bc3 72. Kd6 1/2-1/2

[Event "C-Turnier"]
[Site "Hessische Einzelmeisterschaft"]
[Date "2010.04.02"]
[Round "5"]
[White "Faqiry, Ramat"]
[Black "Baskin, Robert"]
[Result "0-1"]
[WhiteElo "1977"]
[BlackElo "1828"]
[PlyCount "110"]
[EventDate "2010.??.??"]

1. d4 d5 2. c4 e6 3. Nc3 Nf6 4. Nf3 Be7 5. Bf4 a6 6. e3 O-O 7. Bd3 dxc4 8. Bxc4
b5 9. Bd3 Bb7 10. a3 Nbd7 11. O-O c5 12. Rc1 Rc8 13. Bb1 cxd4 14. exd4 Nb6 15.
Be5 Nbd5 16. Ne4 Rxc1 17. Qxc1 Nxe4 18. Bxe4 Qc8 19. Qb1 Nf6 20. Bd3 g6 21. Rc1
Qa8 22. Ne1 Rc8 23. f3 Nd7 24. Bf4 Bf6 25. Be3 Bd5 26. Be4 Rxc1 27. Bxc1 Bxd4+
28. Kh1 Bxe4 29. fxe4 Qc6 30. Nf3 Bg7 31. Bf4 Nf6 32. e5 Nd5 33. Bd2 Qc4 34. b3
Qe2 35. Qc1 Bxe5 36. Nxe5 Qxe5 37. h3 Qc7 38. Qb2 f6 39. b4 Kf7 40. Qb3 Qc4 41.
Qf3 Qd4 42. Bh6 Qa1+ 43. Kh2 Qe5+ 44. Kh1 Qh5 45. Qf2 Qxh6 46. Qa7+ Ne7 47.
Qxa6 Qc1+ 48. Kh2 Qc6 49. Qa7 e5 50. Qe3 Qc7 51. Kh1 Nf5 52. Qb3+ Kg7 53. a4
bxa4 54. Qxa4 Nd6 55. Qa6 Qc1+ 0-1

[Event "C-Turnier"]
[Site "Hessische Einzelmeisterschaft"]
[Date "2010.04.02"]
[Round "5"]
[White "Enders, Georg"]
[Black "Tonn, Peter"]
[Result "0-1"]
[WhiteElo "2011"]
[BlackElo "2000"]
[PlyCount "70"]
[EventDate "2010.??.??"]

1. e4 d6 2. d4 Nf6 3. Nc3 g6 4. Bg5 Bg7 5. Qd2 h6 6. Be3 e5 7. dxe5 dxe5 8.
Qxd8+ Kxd8 9. O-O-O+ Bd7 10. Bc4 Ke8 11. f3 h5 12. Nge2 Bh6 13. Bxh6 Rxh6 14.
Rd2 Ke7 15. Rhd1 c6 16. Rd6 Rh8 17. b4 Rc8 18. f4 Ng4 19. R1d3 exf4 20. Bb3 Ne5
21. Rd2 f3 22. gxf3 Nxf3 23. R2d3 Nxh2 24. Bxf7 Kxf7 25. Rxd7+ Nxd7 26. Rxd7+
Ke6 27. Rxb7 Nf3 28. Rh7 Rh8 29. Rc7 Kd6 30. Rf7 Ne5 31. Rg7 h4 32. Nf4 Rag8
33. Rxa7 h3 34. b5 h2 35. bxc6 h1=Q+ 0-1

[Event "C-Turnier"]
[Site "Hessische Einzelmeisterschaft"]
[Date "2010.04.02"]
[Round "5"]
[White "Haftmann, Rainer"]
[Black "Gutacker, Stephan"]
[Result "0-1"]
[WhiteElo "1881"]
[BlackElo "1936"]
[PlyCount "122"]
[EventDate "2010.??.??"]

1. e4 e5 2. Nf3 Nc6 3. Bb5 a6 4. Ba4 Nf6 5. O-O b5 6. Bb3 Bb7 7. d3 Be7 8. Bg5
O-O 9. c3 d6 10. Re1 h6 11. Bh4 Nd7 12. Bxe7 Nxe7 13. d4 Ng6 14. Nbd2 Re8 15.
Bc2 Nf6 16. d5 c6 17. dxc6 Bxc6 18. Nf1 Qc7 19. Ng3 Rad8 20. Qb1 Qb6 21. h3 Bb7
22. a4 Nf4 23. axb5 axb5 24. Nf5 Kh7 25. Qc1 Ra8 26. Rxa8 Rxa8 27. Qd2 Rd8 28.
Kh2 g6 29. N5h4 Ne6 30. Qe3 Qc6 31. Nd2 b4 32. Bb3 bxc3 33. bxc3 Rc8 34. c4 Nd4
35. Bd1 Ba6 36. f4 Bxc4 37. fxe5 dxe5 38. Qg3 Qe6 39. Ndf3 Nxf3+ 40. Nxf3 Rc5
41. Nd2 Qd6 42. Qf2 Kg7 43. Nxc4 Rxc4 44. Bf3 Qb4 45. Qe3 Qc3 46. Qe2 Qc2 47.
Qxc2 Rxc2 48. Re3 h5 49. Kg3 Rc4 50. h4 Kf8 51. Re1 Ke7 52. Kh3 Kd6 53. Rd1+
Rd4 54. Re1 Kc5 55. Rc1+ Rc4 56. Rd1 Nxe4 57. Rd7 Nd6 58. Rc7+ Kb4 59. Rd7 Rd4
60. Re7 e4 61. Be2 Kc3 0-1

[Event "C-Turnier"]
[Site "Hessische Einzelmeisterschaft"]
[Date "2010.04.02"]
[Round "5"]
[White "Machlin, Maxim"]
[Black "Genis, Roy"]
[Result "1/2-1/2"]
[WhiteElo "1933"]
[BlackElo "1947"]
[PlyCount "88"]
[EventDate "2010.??.??"]

1. e4 e5 2. Nf3 Nc6 3. Bb5 f5 4. Nc3 fxe4 5. Nxe4 Nf6 6. Nxf6+ Qxf6 7. Qe2 Be7
8. d3 Nd4 9. Nxd4 exd4 10. Bd2 c6 11. Ba4 O-O 12. O-O-O d5 13. f4 Bd6 14. Rdf1
b5 15. Bb3 a5 16. c3 a4 17. Bc2 Bd7 18. Kb1 dxc3 19. Bxc3 d4 20. Bd2 Be6 21. b3
axb3 22. Qxe6+ Qxe6 23. Bxb3 Rae8 24. Rf2 Rf7 25. Bxe6 Rxe6 26. Rhf1 Rfe7 27.
Kc2 Re2 28. g3 g6 29. Kd1 Rxf2 30. Rxf2 Ra7 31. Bc1 Ba3 32. Bxa3 Rxa3 33. Rc2
Rxd3+ 34. Ke2 Ra3 35. Kd2 Kf7 36. Rxc6 Rxa2+ 37. Kd3 Rxh2 38. Kxd4 h5 39. Rc7+
Kf6 40. Rc6+ Kf5 41. Rc5+ Kg4 42. Rg5+ Kf3 43. Rxg6 Rd2+ 44. Kc3 Rd8 1/2-1/2

[Event "C-Turnier"]
[Site "Hessische Einzelmeisterschaft"]
[Date "2010.04.02"]
[Round "5"]
[White "Rätsch, Kurt"]
[Black "Egenolf, Dirk"]
[Result "0-1"]
[WhiteElo "2069"]
[BlackElo "1911"]
[PlyCount "56"]
[EventDate "2010.??.??"]

1. e4 c5 2. Nf3 d6 3. Bc4 e6 4. O-O Nc6 5. c3 Nf6 6. d3 Be7 7. a4 O-O 8. Bf4 d5
9. exd5 exd5 10. Bb3 Bg4 11. Nbd2 Nh5 12. Bg3 Nxg3 13. hxg3 Qd7 14. Bc2 Rad8
15. Qb1 d4 16. Re1 Be6 17. Ne4 h6 18. Qc1 Rc8 19. Qd2 Rfd8 20. Qf4 f5 21. Ned2
g5 22. Nxg5 Bxg5 23. Qf3 Bxd2 24. Rxe6 Qxe6 25. Qd1 Qe1+ 26. Qxe1 Bxe1 27. Rxe1
Re8 28. Bb3+ Kg7 0-1

[Event "C-Turnier"]
[Site "Hessische Einzelmeisterschaft"]
[Date "2010.04.02"]
[Round "5"]
[White "Warnk, Torsten"]
[Black "Juhnke, Peter"]
[Result "0-1"]
[WhiteElo "1977"]
[BlackElo "1931"]
[PlyCount "34"]
[EventDate "2010.??.??"]

1. d4 c5 2. d5 Nf6 3. c4 e5 4. dxe6 fxe6 5. Nc3 Be7 6. Nf3 O-O 7. b3 d5 8. e3
Nc6 9. Bb2 d4 10. exd4 cxd4 11. Ne2 Bb4+ 12. Nd2 Ne4 13. Bc1 Nxf2 14. Qc2 d3
15. Qb2 dxe2 16. Bxe2 Nxh1 17. Bf3 Qh4+ 0-1

[Event "C-Turnier"]
[Site "Hessische Einzelmeisterschaft"]
[Date "2010.04.02"]
[Round "5"]
[White "Sterzik, Peter"]
[Black "Zimmer, Gerald"]
[Result "1/2-1/2"]
[WhiteElo "1742"]
[BlackElo "1796"]
[PlyCount "47"]
[EventDate "2010.??.??"]

1. e4 e6 2. d4 d5 3. Nc3 Bb4 4. e5 c5 5. a3 Bxc3+ 6. bxc3 Qa5 7. Bd2 Qa4 8. Nf3
Nc6 9. Qb1 c4 10. Be2 Nge7 11. O-O O-O 12. Qc1 Bd7 13. h3 Rae8 14. Nh2 f6 15.
exf6 Rxf6 16. Bg5 Rf7 17. Bh5 g6 18. Ng4 gxh5 19. Nh6+ Kg7 20. Bxe7 Rfxe7 21.
Qg5+ Kh8 22. Qf6+ Rg7 23. Nf7+ Kg8 24. Nh6+ 1/2-1/2

[Event "C-Turnier"]
[Site "Hessische Einzelmeisterschaft"]
[Date "2010.04.02"]
[Round "5"]
[White "Kaulfuss, Christa"]
[Black "Storkebaum, Ulrike"]
[Result "0-1"]
[WhiteElo "1933"]
[BlackElo "1867"]
[PlyCount "48"]
[EventDate "2010.??.??"]

1. e4 e5 2. Nc3 Nc6 3. g3 Bc5 4. Bg2 d6 5. Nge2 Nge7 6. O-O O-O 7. h3 a6 8. d3
f5 9. Kh2 Be6 10. f4 Rb8 11. a3 Qd7 12. Nd5 Nd4 13. c3 Nxe2 14. Qxe2 c6 15.
Nxe7+ Qxe7 16. fxe5 dxe5 17. exf5 Bxf5 18. Be4 Bxe4 19. dxe4 Rxf1 20. Qxf1 Rf8
21. Qc4+ Kh8 22. Bg5 Rf2+ 23. Kh1 Qxg5 24. Qxc5 Qxg3 0-1

[Event "C-Turnier"]
[Site "Hessische Einzelmeisterschaft"]
[Date "2010.04.02"]
[Round "5"]
[White "Berrou, Mohammed"]
[Black "Arnold, Michael"]
[Result "0-1"]
[WhiteElo "2016"]
[BlackElo "1846"]
[PlyCount "122"]
[EventDate "2010.??.??"]

1. e4 d5 2. exd5 Qxd5 3. d4 Nf6 4. Nc3 Qd6 5. Nf3 a6 6. g3 Bf5 7. Bg2 Nc6 8.
O-O e6 9. Bf4 Qd8 10. Re1 Be7 11. Ne5 Nb4 12. Bxb7 Nxc2 13. Nc6 Qd7 14. Nxe7
Kxe7 15. Bxa8 Rxa8 16. Qf3 Rb8 17. Bg5 Kf8 18. Bxf6 gxf6 19. g4 Bg6 20. Qxf6
Nxa1 21. Qh8+ Ke7 22. Qxb8 Nc2 23. Rd1 Qd6 24. Qb7 h5 25. d5 e5 26. Qc6 hxg4
27. Qxd6+ cxd6 28. a3 Nd4 29. Na2 Bc2 30. Ra1 Nb3 31. Re1 Nd4 32. Re3 f5 33.
Kg2 f4 34. Rc3 Be4+ 35. Kf1 Nf3 36. Nb4 Nxh2+ 37. Ke2 Bg2 38. Rc7+ Kf6 39. Rc6
Ke7 40. Nxa6 Bxd5 41. Rc3 Nf3 42. b4 Nd4+ 43. Kf1 Nb5 44. Rc1 Nxa3 45. Nc7 Bc4+
46. Kg1 Kd7 47. Na8 Kc6 48. Rc3 Kb5 49. Rxa3 Kxb4 50. Ra7 d5 51. Re7 d4 52. Nb6
Be2 53. Nd5+ Kc4 54. Nxf4 exf4 55. Rxe2 d3 56. Re7 d2 57. Rd7 Kc3 58. Kf1 Kc2
59. Ke2 f3+ 60. Ke3 d1=Q 61. Rxd1 Kxd1 0-1

[Event "C-Turnier"]
[Site "Hessische Einzelmeisterschaft"]
[Date "2010.04.02"]
[Round "5"]
[White "Wilhelm, Holger"]
[Black "Adair, Robin"]
[Result "0-1"]
[WhiteElo "1857"]
[BlackElo "2038"]
[PlyCount "174"]
[EventDate "2010.??.??"]

1. d4 Nf6 2. c4 e6 3. Nc3 c5 4. e3 g6 5. Nf3 Bg7 6. d5 exd5 7. Nxd5 O-O 8. Be2
Nxd5 9. cxd5 d6 10. O-O Nd7 11. Rb1 Ne5 12. Nxe5 Bxe5 13. f4 Bg7 14. e4 a6 15.
Qc2 Qh4 16. Be3 Re8 17. Bd3 b5 18. Qf2 Qd8 19. b3 Bf5 20. Qf3 h5 21. h3 Qa5 22.
Kh1 Qc3 23. Bg1 Bd7 24. Rbc1 Qf6 25. e5 dxe5 26. fxe5 Qxf3 27. Rxf3 Rxe5 28.
Rxc5 Re1 29. Rf1 Rae8 30. Rc1 Rxc1 31. Rxc1 g5 32. Bb6 g4 33. hxg4 hxg4 34. g3
Re5 35. Rd1 Rxd5 36. Kg1 Bf5 37. Be2 Re5 38. Kf2 Be6 39. Rd8+ Kh7 40. Ra8 Rf5+
41. Kg1 Rf6 42. Bd4 Rh6 43. Bxg7 Kxg7 44. Rxa6 Rh3 45. Bxb5 Rxg3+ 46. Kf2 Rc3
47. Bc6 g3+ 48. Ke2 Rc2+ 49. Ke3 g2 50. Bxg2 Rxg2 51. Kf3 Bd5+ 52. Kf4 Rb2 53.
Ke5 Bxb3 54. axb3 Rxb3 55. Kf5 Rb5+ 56. Kf4 f6 57. Ra8 Kf7 58. Rc8 Rb1 59. Ra8
Rf1+ 60. Kg4 Re1 61. Kf5 Re5+ 62. Kf4 Rd5 63. Rb8 Re5 64. Ra8 Re8 65. Ra7+ Kg6
66. Rb7 Rc8 67. Rb4 Rc1 68. Rb8 Rc4+ 69. Kf3 Kg5 70. Rg8+ Kf5 71. Ke3 Rc3+ 72.
Kf2 Kf4 73. Ra8 Rc2+ 74. Ke1 f5 75. Ra4+ Kg3 76. Ra8 f4 77. Rg8+ Kf3 78. Ra8
Kg4 79. Rg8+ Kf3 80. Ra8 Rb2 81. Ra7 Rb1+ 82. Kd2 Kf2 83. Rh7 f3 84. Rh2+ Kg3
85. Rh8 f2 86. Rg8+ Kh4 87. Rh8+ Kg5 0-1

[Event "C-Turnier"]
[Site "Hessische Einzelmeisterschaft"]
[Date "2010.04.02"]
[Round "5"]
[White "Rausch, Wolfgang"]
[Black "Wachtel, Johann"]
[Result "1-0"]
[WhiteElo "1804"]
[BlackElo "1738"]
[PlyCount "87"]
[EventDate "2010.??.??"]

1. c4 f5 2. Nc3 g6 3. d4 Bg7 4. e4 d6 5. Nf3 c6 6. Be2 fxe4 7. Nxe4 Bf5 8. Ng3
Bc8 9. O-O Nf6 10. Re1 O-O 11. h3 Na6 12. d5 Nc7 13. dxc6 bxc6 14. Nd4 Bb7 15.
Bf3 d5 16. Bf4 Re8 17. Rc1 Rc8 18. Bxc7 Rxc7 19. Ne6 Qd6 20. Nxc7 Qxc7 21. cxd5
c5 22. Qb3 Kh8 23. d6 Qxd6 24. Qxb7 Ng8 25. b3 Bd4 26. Ne2 e5 27. Qd5 Qa6 28.
Nxd4 cxd4 29. Qc6 Qxc6 30. Rxc6 Kg7 31. Rc7+ Kh6 32. Rc5 Nf6 33. Rexe5 Rd8 34.
g4 g5 35. a4 Nd7 36. Re6+ Kg7 37. Rxg5+ Kf7 38. Rd6 Ke7 39. Rgd5 Ne5 40. Rxd8
Nxf3+ 41. Kh1 Ke6 42. a5 a6 43. b4 Ne5 44. R8d6+ 1-0

[Event "C-Turnier"]
[Site "Hessische Einzelmeisterschaft"]
[Date "2010.04.02"]
[Round "5"]
[White "Larem, Peter"]
[Black "Koculak, Eduard"]
[Result "1-0"]
[WhiteElo "1921"]
[BlackElo "1727"]
[PlyCount "121"]
[EventDate "2010.??.??"]

1. e4 c5 2. c3 d5 3. exd5 Qxd5 4. d4 Nf6 5. Nf3 Bg4 6. Be2 e6 7. O-O Be7 8. Be3
cxd4 9. cxd4 O-O 10. Nc3 Qd8 11. Re1 Nc6 12. a3 Rc8 13. Qb3 b6 14. Rad1 Nd5 15.
Nxd5 exd5 16. Ne5 Bxe2 17. Rxe2 Bf6 18. Ng4 Be7 19. h3 Bd6 20. Rde1 Re8 21. Qd3
h6 22. Qf5 Nxd4 23. Nxh6+ gxh6 24. Qg4+ Kh7 25. Qxd4 Qd7 26. Qd3+ f5 27. Rd1
Bb8 28. Red2 Red8 29. g3 Qe6 30. Re2 Qf7 31. Bd4 Re8 32. Rxe8 Rxe8 33. Bc3 Rd8
34. Re1 Kg6 35. Qe3 Kh7 36. Bd2 Qg7 37. Qf3 Qf7 38. Qe3 Qg7 39. Qe6 Rf8 40. Qe7
Rf7 41. Qh4 Qg6 42. Re8 Bd6 43. Qd8 Qf6 44. Bc3 Qxd8 45. Rxd8 Bf8 46. Rxd5 Bg7
47. Bxg7 Kxg7 48. Kg2 Rc7 49. Rxf5 Kg6 50. Rb5 Rc6 51. Rb3 a6 52. Rc3 Rd6 53.
b3 b5 54. b4 Kf6 55. f4 Re6 56. Kf3 Rd6 57. g4 Re6 58. h4 Rd6 59. g5+ hxg5 60.
hxg5+ Kf7 61. Kg4 1-0

[Event "C-Turnier"]
[Site "Hessische Einzelmeisterschaft"]
[Date "2010.04.02"]
[Round "5"]
[White "Kazic, Bruno"]
[Black "Fröhlich-Dill, Astrid"]
[Result "1/2-1/2"]
[WhiteElo "1749"]
[BlackElo "1910"]
[PlyCount "108"]
[EventDate "2010.??.??"]

1. e4 c5 2. Nc3 Nc6 3. g3 e6 4. Bg2 Nf6 5. d3 Be7 6. Nf3 d6 7. O-O O-O 8. Bd2
a6 9. a4 Qc7 10. Bf4 e5 11. Bg5 Be6 12. Bxf6 Bxf6 13. Nd5 Qd8 14. c3 g6 15.
Nxf6+ Qxf6 16. Qd2 Qg7 17. Nh4 Ne7 18. Rad1 f5 19. exf5 Nxf5 20. Nxf5 Bxf5 21.
d4 cxd4 22. cxd4 e4 23. d5 Bg4 24. Rde1 Bf3 25. Re3 Rf5 26. Qb4 Rf6 27. Rfe1
Raf8 28. Bxf3 Rxf3 29. Qxe4 Rxf2 30. Qe6+ Qf7 31. R1e2 Qxe6 32. Rxe6 Rxe2 33.
Rxe2 Rf5 34. Re7 Rxd5 35. Rxb7 Rd2 36. b4 d5 37. Rb6 Rd4 38. b5 axb5 39. axb5
Rb4 40. Rb8+ Kf7 41. b6 Ke7 42. b7 Kd7 43. Rh8 Rxb7 44. Rxh7+ Kc6 45. Rxb7 Kxb7
46. Kf2 Kc6 47. Ke3 Kc5 48. h4 d4+ 49. Ke2 Kd5 50. Kd3 Ke5 51. g4 Kf4 52. h5
gxh5 53. gxh5 Kg5 54. Kxd4 Kxh5 1/2-1/2

[Event "C-Turnier"]
[Site "Hessische Einzelmeisterschaft"]
[Date "2010.04.02"]
[Round "5"]
[White "Minor, Dieter"]
[Black "Winter, Lars"]
[Result "0-1"]
[WhiteElo "1888"]
[BlackElo "1974"]
[PlyCount "100"]
[EventDate "2010.??.??"]

1. d4 d5 2. Nf3 Nf6 3. Bf4 c6 4. e3 Bf5 5. Nbd2 e6 6. Ne5 Nfd7 7. Ndf3 Nxe5 8.
Nxe5 f6 9. Nd3 Nd7 10. g4 Be4 11. f3 Bxd3 12. Bxd3 e5 13. Bg3 Qe7 14. Qe2 O-O-O
15. O-O-O g6 16. Qf2 Bg7 17. Qd2 Kb8 18. Kb1 Ka8 19. Rhe1 c5 20. dxc5 Qxc5 21.
e4 Nb6 22. Bf2 d4 23. Rc1 h5 24. h4 Nc4 25. Bxc4 Qxc4 26. Rcd1 Bh6 27. Qd3 Rc8
28. Re2 Bf4 29. Qxc4 Rxc4 30. Rd3 g5 31. hxg5 hxg4 32. gxf6 g3 33. Bg1 Rc6 34.
b3 Rxf6 35. Kb2 Rc6 36. c3 dxc3+ 37. Rxc3 Rxc3 38. Kxc3 Rc8+ 39. Kb2 Bc1+ 40.
Kb1 Ba3 41. Be3 Rh8 42. Kc2 b6 43. f4 Rh2 44. Kd3 Bc5 45. f5 g2 46. Bxc5 bxc5
47. Rxg2 Rxg2 48. Kc4 Rd2 49. Kxc5 Kb7 50. f6 Kc7 0-1

[Event "C-Turnier"]
[Site "Hessische Einzelmeisterschaft"]
[Date "2010.04.02"]
[Round "5"]
[White "Herms, Thorsten"]
[Black "Mersinger, Ralf"]
[Result "1-0"]
[WhiteElo "1728"]
[BlackElo "1746"]
[PlyCount "121"]
[EventDate "2010.??.??"]

1. d4 d5 2. Nf3 Nf6 3. c4 e6 4. Bg5 Be7 5. e3 O-O 6. Nc3 a6 7. cxd5 Nxd5 8.
Bxe7 Nxe7 9. Bd3 Ng6 10. h4 f5 11. h5 Nh8 12. Qb3 Nf7 13. O-O-O Nc6 14. d5 Na5
15. Qa4 b6 16. dxe6 Bxe6 17. Bxf5 Qf6 18. Bxe6 Qxe6 19. Rd4 Rad8 20. Rhd1 Rxd4
21. Rxd4 c5 22. Qd7 Qh6 23. Rh4 Rd8 24. Qa4 Qd6 25. Qc2 Nc6 26. a3 b5 27. Ne4
Qd5 28. Nxc5 Rc8 29. b4 Nce5 30. Rd4 Qa8 31. Nxe5 Nxe5 32. Qf5 Qb8 33. f4 Nc4
34. Qe6+ Kh8 35. Rd7 Qb6 36. Qxb6 Nxb6 37. Ra7 Nc4 38. e4 Nxa3 39. Rxa6 Nc4 40.
Ra7 Ne3 41. g3 Kg8 42. Rb7 Nf1 43. g4 Ne3 44. g5 Ng2 45. f5 Nf4 46. h6 gxh6 47.
gxh6 Nd3+ 48. Kd2 Nxc5 49. bxc5 Rxc5 50. Kd3 Rc6 51. Rxb5 Rxh6 52. Rb7 Rh4 53.
Kd4 h5 54. Ke5 Rg4 55. f6 h4 56. f7+ Kf8 57. Kf5 Rg3 58. Kf6 Rf3+ 59. Ke6 h3
60. Rb8+ Kg7 61. Rg8+ 1-0